000 00703nam a22002297a 4500
003 UA-OsUOA
001 92537
007 ta
008 20121219b un ||||| |||| 00| 0 ukr d
100 _aСлобода Л.
700 _aЯ.
090 _a330(477)
_bС48
942 _cSA
040 _aUA-OsUOA
_bukr
_cUA-OsUOA
_dUA-OsUOA
245 _aОсобливості інвестиційної політики банків України в посткризовий період
300 _aС.140-150
955 _a0
041 _aukr
080 _a330(477)
773 0 _w92532
_tРегіональна економіка
_dЛьвів
_d2012
_g3
650 7 _a330 Економіка взагалі
_2UDC
999 _c378788
_d378788